| 000 | 00411nam a2200181Ia 4500 | ||
|---|---|---|---|
| 008 | 230524s9999 xx 000 0 und d | ||
| 020 | _a9780195686289 | ||
| 082 | _bPUD | ||
| 100 | _aVikram Pudi | ||
| 245 | 0 | _aData Mining | |
| 250 | _a1 | ||
| 260 |
_aNew Delhi _bOxford _c2016 |
||
| 300 | _a"X,337p;" | ||
| 500 | _aQuantity Number: 21 | ||
| 650 | _aComp-Sc | ||
| 700 | _aP. Radha Krishna | ||
| 942 | _cBK | ||
| 999 |
_c57609 _d57609 |
||